Campeões da Formula 1 - Statistics

Estatísticas Gerais
  • Esse quiz foi jogado 206 vezes
  • A pontuação média é 55 de 74
Estatísticas das Respostas
Ano País Piloto % Correto
1988 Brasil Ayrton Senna
98%
1990 Brasil Ayrton Senna
98%
1991 Brasil Ayrton Senna
98%
2008 Reino Unido Lewis Hamilton
98%
2014 Reino Unido Lewis Hamilton
98%
2015 Reino Unido Lewis Hamilton
98%
2017 Reino Unido Lewis Hamilton
98%
2018 Reino Unido Lewis Hamilton
98%
2019 Reino Unido Lewis Hamilton
98%
2020 Reino Unido Lewis Hamilton
98%
2021 Países Baixos Max Verstappen
93%
2022 Países Baixos Max Verstappen
93%
2023 Países Baixos Max Verstappen
93%
1994 Alemanha Michael Schumacher
93%
1995 Alemanha Michael Schumacher
93%
2000 Alemanha Michael Schumacher
93%
2001 Alemanha Michael Schumacher
93%
2002 Alemanha Michael Schumacher
93%
2003 Alemanha Michael Schumacher
93%
2004 Alemanha Michael Schumacher
93%
2005 Espanha Fernando Alonso
92%
2006 Espanha Fernando Alonso
92%
2010 Alemanha Sebastian Vettel
91%
2011 Alemanha Sebastian Vettel
91%
2012 Alemanha Sebastian Vettel
91%
2013 Alemanha Sebastian Vettel
91%
1981 Brasil Nelson Piquet
89%
1983 Brasil Nelson Piquet
89%
1987 Brasil Nelson Piquet
89%
1972 Brasil Emerson Fittipaldi
84%
1974 Brasil Emerson Fittipaldi
84%
1985 França Alain Prost
83%
1986 França Alain Prost
83%
1989 França Alain Prost
83%
1993 França Alain Prost
83%
2016 Alemanha Nico Rosberg
83%
1982 Finlândia Keke Rosberg
80%
1975 Áustria Niki Lauda
80%
1977 Áustria Niki Lauda
80%
1984 Áustria Niki Lauda
80%
2007 Finlândia Kimi Räikkönen
79%
1951 Argentina Juan Manuel Fangio
77%
1954 Argentina Juan Manuel Fangio
77%
1955 Argentina Juan Manuel Fangio
77%
1956 Argentina Juan Manuel Fangio
77%
1957 Argentina Juan Manuel Fangio
77%
1998 Finlândia Mika Hakkinen
74%
1999 Finlândia Mika Hakkinen
74%
2009 Reino Unido Jenson Button
70%
1997 Canadá Jacques Villeneuve
66%
1996 Reino Unido Damon Hill
64%
1952 Itália Alberto Ascari
60%
1953 Itália Alberto Ascari
60%
1962 Reino Unido Graham Hill
60%
1968 Reino Unido Graham Hill
60%
1992 Reino Unido Nigel Mansell
60%
1961 Estados Unidos Phil Hill
59%
1969 Reino Unido Jackie Stewart
53%
1971 Reino Unido Jackie Stewart
53%
1973 Reino Unido Jackie Stewart
53%
1976 Reino Unido James Hunt
53%
1950 Itália Nino Farina
51%
1963 Reino Unido Jim Clark
46%
1965 Reino Unido Jim Clark
46%
1978 Estados Unidos Mario Andretti
45%
1959 Austrália Jack Brabham
44%
1960 Austrália Jack Brabham
44%
1966 Austrália Jack Brabham
44%
1980 Austrália Alan Jones
33%
1979 África do sul Jody Scheckter
29%
1970 Áustria Jochen Rindt
28%
1964 Reino Unido John Surtees
26%
1958 Reino Unido Mike Hawthorn
25%
1967 Nova Zelândia Denny Hulme
23%
Nenhum quiz correspondente encontrado
Distribuição das Pontuações
Porcentagem de Pessoas com Cada Pontuação
Percentil de Números Respondidos
Sua Pontuação Histórica
Você não jogou esse quiz